Overlapping Musicians and Movies Quiz Stats

 Plays Quiz Updated Feb 19, 2016

Challenge
Share
Tweet
Score 0/20 Timer 05:00
1 Play Today
% Correct
Bruno
96.2%
B.B.
95.2%
Vanilla
93.8%
ZZ
93.4%
Twisted
90.6%
Smokey
89.5%
Deep
89.1%
Elton
87.8%
Stevie
84.4%
Grateful
82%
% Correct
Jefferson
81.8%
Culture
74.3%
Savage
73.9%
Little
72%
Carly
69%
Mr.
63.8%
King
62.7%
Roxy
59.2%
General
59.1%
Public
53.8%

You're not logged in!

Compare scores with friends on all Sporcle quizzes.
OR
Log In

You Might Also Like...

Show Comments

Extras

Top Quizzes Today


Score Distribution

Your Account Isn't Verified!

In order to create a playlist on Sporcle, you need to verify the email address you used during registration. Go to your Sporcle Settings to finish the process.

Report this User

Report this user for behavior that violates our Community Guidelines.

Details: